[Event "Superettan(Mark-Orebro)"]
[Site "?"]
[Date "2010.02.28"]
[Round "5"]
[White "Jonsson, Krister"]
[Black "Olofsson, Hans-Erik"]
[Result "1-0"]
[WhiteElo "2024"]
[BlackElo "2151"]
[PlyCount "122"]

1. d4 Nf6 2. c4 c5 3. d5 e6 4. Nc3 exd5 5. cxd5 d6 6. e4 g6 7. Nf3 Bg7 8. Bg5
O-O 9. Nd2 h6 10. Bh4 Nbd7 11. Be2 a6 12. a4 Qe7 13. O-O g5 14. Bg3 Ne5 15. Qc2
Bd7 16. Rad1 Rae8 17. Rb1 Rc8 18. f3 Nh5 19. Bf2 Nf4 20. Nc4 Nxe2+ 21. Qxe2
Nxc4 22. Qxc4 Qe8 23. Rfe1 b5 24. axb5 axb5 25. Qe2 b4 26. Nd1 Bb5 27. Qd2 Qe5
28. Ne3 Rfe8 29. Nf5 Bf8 30. Bg3 Qf6 31. f4 Bd7 32. fxg5 hxg5 33. Rf1 Qg6 34.
Rbe1 Bxf5 35. Rxf5 Be7 36. Ref1 f6 37. h4 Rf8 38. Qe2 c4 39. hxg5 fxg5 40.
Rxf8+ Bxf8 41. Qg4 Re8 42. Rf5 Be7 43. Be1 Qg7 44. e5 Bd8 45. Bxb4 Rxe5 46. Bc3
Bb6+ 47. Kf1 Rxf5+ 48. Qxf5 Qf7 49. Qxf7+ Kxf7 50. g4 Be3 51. Ke2 Bf4 52. Kf3
Bh2 53. Ke4 Bg1 54. Kf5 Be3 55. Bh8 Bc1 56. Ke4 Kg6 57. Bc3 Kf7 58. Kd4 Bf4 59.
Kxc4 Ke7 60. Kd3 Kd7 61. Ke4 Kc7 1-0

[Event "Superettan(Mark-Orebro)"]
[Site "?"]
[Date "2010.02.28"]
[Round "5"]
[White "Oscarsson, Bo-Lennart"]
[Black "Karlsson, Ake"]
[Result "1-0"]
[WhiteElo "2177"]
[BlackElo "1677"]
[PlyCount "143"]

1. e4 d6 2. d4 g6 3. Nc3 Bg7 4. Bc4 e6 5. f4 c6 6. Be3 d5 7. Be2 dxe4 8. Nxe4
Nf6 9. Nxf6+ Bxf6 10. Nf3 Nd7 11. O-O O-O 12. c4 Bg7 13. Qc2 Re8 14. Rad1 Qe7
15. a3 Nf8 16. b4 Bd7 17. Bf2 Rac8 18. Bh4 Bf6 19. Bxf6 Qxf6 20. Ne5 Qe7 21.
Bf3 Red8 22. Qf2 Be8 23. Rfe1 Qf6 24. Be4 Qg7 25. Bc2 Nd7 26. Bb3 a6 27. Rd2
Nf6 28. h3 b5 29. Qf3 bxc4 30. Bxc4 Nd5 31. Bxa6 Rc7 32. Bc4 Ra8 33. Rc1 Rca7
34. Rd3 Qf8 35. Bxd5 cxd5 36. Qe3 Qd6 37. Rdc3 Kg7 38. Nf3 f6 39. Ne1 Bb5 40.
Rc8 Rxc8 41. Rxc8 Bd7 42. Rc3 Bb5 43. Qc1 e5 44. fxe5 fxe5 45. dxe5 Qxe5 46.
Nf3 Qd6 47. Rc5 Bc4 48. Qe3 Re7 49. Qf4 Qf6 50. Qxf6+ Kxf6 51. Nd2 Re1+ 52. Kh2
Ra1 53. Nxc4 dxc4 54. Rxc4 Rxa3 55. Rf4+ Ke6 56. Rf3 Ra7 57. Rb3 Kd5 58. Kg3
Rb7 59. b5 Ke5 60. b6 h6 61. Kg4 Kd6 62. h4 Ke6 63. Kf4 Kf6 64. Ke4 Ke6 65. Kd4
Kd6 66. Rg3 Rg7 67. b7 Kc7 68. Ke5 g5 69. Kf6 Rd7 70. hxg5 hxg5 71. Rxg5 Rd6+
72. Ke5 1-0

[Event "Superettan(Manhem-Horndal)"]
[Site "?"]
[Date "2010.02.28"]
[Round "4"]
[White "Olsson, Krister"]
[Black "Kasib, Laith"]
[Result "1-0"]
[WhiteElo "2329"]
[BlackElo "2197"]
[PlyCount "83"]
[SourceDate "2010.03.05"]

1. d4 Nf6 2. c4 e6 3. Nc3 Bb4 4. e3 c5 5. Nge2 cxd4 6. exd4 O-O 7. a3 Be7 8. b4
b6 9. Nf4 Bb7 10. Be2 d6 11. O-O Nbd7 12. Bb2 Rc8 13. Qb3 Qc7 14. Nb5 Qb8 15.
d5 e5 16. Nd3 a6 17. Nc3 b5 18. cxb5 axb5 19. Rfd1 Nb6 20. Ne1 Rxc3 21. Qxc3
Nbxd5 22. Qb3 Nf4 23. Bxb5 Bxg2 24. Nxg2 Qxb5 25. Nxf4 exf4 26. Qf3 Qg5+ 27.
Kh1 Qh4 28. Rg1 h5 29. Bxf6 Bxf6 30. Rac1 Bb2 31. Rb1 Be5 32. b5 Kh8 33. Rb3 g6
34. b6 Rb8 35. b7 Bd4 36. Rc1 Bc5 37. a4 Kh7 38. a5 Bxf2 39. a6 Be3 40. Rf1 Qe7
41. Rxe3 Qxe3 42. Qxe3 1-0

[Event "Superettan(Manhem-Horndal)"]
[Site "?"]
[Date "2010.02.28"]
[Round "4"]
[White "Andersson, Goran"]
[Black "Angskog, Kent"]
[Result "1/2-1/2"]
[WhiteElo "2186"]
[BlackElo "2202"]
[PlyCount "66"]

1. e4 g6 2. d4 Bg7 3. Nf3 d6 4. Bc4 Nf6 5. Qe2 O-O 6. O-O c6 7. Bb3 a5 8. a4 b6
9. Nbd2 Ba6 10. Bc4 Bxc4 11. Qxc4 d5 12. Qe2 e6 13. Re1 c5 14. e5 Nfd7 15. Nb3
Nc6 16. Bg5 Qc7 17. c3 h6 18. Bf4 c4 19. Nbd2 Rab8 20. Qe3 Kh7 21. h4 Ne7 22.
g4 b5 23. Kg2 Rh8 24. Rh1 Kg8 25. h5 Qd8 26. hxg6 Nxg6 27. Bxh6 Qf8 28. Bxg7
Qxg7 29. Rxh8+ Nxh8 30. Qg5 bxa4 31. Rxa4 Qxg5 32. Nxg5 Rxb2 33. Ngf3 Rb5
1/2-1/2

[Event "Superettan(Manhem-Horndal)"]
[Site "?"]
[Date "2010.02.28"]
[Round "4"]
[White "Rorvall, Goran"]
[Black "Outgajjouft, Said"]
[Result "0-1"]
[WhiteElo "2200"]
[BlackElo "2100"]
[PlyCount "94"]

1. e4 Nf6 2. e5 Nd5 3. d4 d6 4. c4 Nb6 5. exd6 cxd6 6. Nf3 Bg4 7. h3 Bh5 8. Nc3
Nc6 9. Be3 e6 10. Bd3 Be7 11. O-O d5 12. c5 Nc4 13. Be2 Nxe3 14. fxe3 O-O 15.
b4 Nxb4 16. Rb1 Qa5 17. Qd2 b6 18. a3 Nc6 19. Bb5 Bxf3 20. Bxc6 Rac8 21. Bd7
Rc7 22. c6 Bh5 23. Rb3 Rd8 24. g4 Bg6 25. Qh2 Rdxd7 26. cxd7 Rxd7 27. h4 Bd6
28. Qd2 h5 29. gxh5 Bxh5 30. Qg2 f5 31. Nb5 Be7 32. Rc1 Qa4 33. Rc8+ Kh7 34.
Rb1 a6 35. Nc7 Qxa3 36. Qg3 Qd3 37. Re1 Qe4 38. Ne8 Bxh4 39. Qh3 Re7 40. Nc7 g6
41. Rf1 Bg5 42. Re1 f4 43. Ne8 f3 44. Nd6 Bxe3+ 45. Rxe3 Qxe3+ 46. Kh1 Qe1+ 47.
Kh2 f2 0-1

[Event "Superettan(Manhem-Horndal)"]
[Site "?"]
[Date "2010.02.28"]
[Round "4"]
[White "Larsson, Dan"]
[Black "Bengts, Torleif"]
[Result "1/2-1/2"]
[WhiteElo "2106"]
[BlackElo "2174"]
[PlyCount "34"]

1. e4 e5 2. Nf3 d5 3. exd5 Bd6 4. d4 e4 5. Ne5 Nf6 6. Bb5+ Nbd7 7. Bg5 O-O 8.
Nxd7 Bxd7 9. Bxf6 gxf6 10. Bxd7 Qxd7 11. O-O Kh8 12. f4 f5 13. c4 Rg8 14. c5
Be7 15. Nc3 Rg6 16. Rc1 Bf6 17. Rc2 a6 1/2-1/2

[Event "Superettan(Manhem-Horndal)"]
[Site "?"]
[Date "2010.02.28"]
[Round "4"]
[White "Eriksson, Magnus"]
[Black "Bergre, Joachim"]
[Result "1-0"]
[WhiteElo "2122"]
[BlackElo "2105"]
[PlyCount "61"]

1. d4 g6 2. c4 Bg7 3. Nc3 d6 4. e4 Nd7 5. Be2 e5 6. d5 Ne7 7. g4 O-O 8. g5 f5
9. gxf6 Nxf6 10. Bg5 h6 11. Be3 b6 12. h3 Kh7 13. Qd2 Neg8 14. O-O-O Nd7 15.
Bd3 Ngf6 16. Nge2 Nh5 17. Rdg1 Qf6 18. Nb5 Nc5 19. Nxc7 Rb8 20. Bc2 Rb7 21. Nb5
a6 22. Nbc3 Rc7 23. Kb1 Nd7 24. b3 Rb7 25. h4 b5 26. cxb5 axb5 27. Ng3 Nxg3 28.
Rxg3 b4 29. Na4 Rf7 30. Rh2 Nf8 31. Bg5 1-0

[Event "Superettan(Manhem-Horndal)"]
[Site "?"]
[Date "2010.02.28"]
[Round "4"]
[White "von Bromssen, Goran"]
[Black "Becker, Johnny"]
[Result "0-1"]
[WhiteElo "2061"]
[BlackElo "2114"]
[PlyCount "94"]

1. d4 g6 2. c4 Bg7 3. Nc3 c5 4. d5 d6 5. e4 Nf6 6. Nf3 Bg4 7. Be2 O-O 8. O-O a6
9. Re1 Nbd7 10. h3 Bxf3 11. Bxf3 Rb8 12. Be2 Ne8 13. Qc2 e5 14. dxe6 fxe6 15.
Be3 Bd4 16. Qd2 Qf6 17. Rad1 Bxe3 18. Qxe3 Ne5 19. Rd2 Nc6 20. Red1 Nd4 21. a4
b6 22. Bf1 Rb7 23. Qg3 Rbf7 24. f3 g5 25. Ne2 e5 26. Nc3 Nc7 27. Nd5 Nxd5 28.
exd5 h5 29. Bd3 Rg7 30. Rf1 Qe7 31. Kh1 Qd7 32. Rdf2 Qxa4 33. h4 Qb3 34. Be4
Rf4 35. hxg5 Rxe4 36. g6 Rf4 37. Qg5 Qd3 38. Qd8+ Rf8 39. Qxd6 Qxg6 40. Qxe5
Re8 41. Qh2 Nf5 42. Rd1 Ng3+ 43. Kg1 Rge7 44. Rfd2 Re1+ 45. Kf2 Nh1+ 46. Qxh1
Rxh1 47. Rxh1 Qg5 0-1

[Event "Superettan(Manhem-Horndal)"]
[Site "?"]
[Date "2010.02.28"]
[Round "4"]
[White "Seger, Goran"]
[Black "Andersson, Kaj"]
[Result "1/2-1/2"]
[WhiteElo "2068"]
[BlackElo "2046"]
[PlyCount "31"]

1. e4 c5 2. Nf3 d6 3. d4 cxd4 4. Nxd4 a6 5. Nc3 Nf6 6. Bc4 e6 7. Bb3 Be7 8. O-O
O-O 9. Kh1 Nc6 10. f4 Nxd4 11. Qxd4 Qc7 12. f5 Ng4 13. h3 Bf6 14. Qd1 Ne5 15.
Bf4 Nc4 16. Bxc4 1/2-1/2

[Event "Superettan(Manhem-Horndal)"]
[Site "?"]
[Date "2010.02.28"]
[Round "4"]
[White "Eriksson, Mats"]
[Black "Wiker, Bo"]
[Result "1/2-1/2"]
[WhiteElo "2043"]
[BlackElo "2047"]
[PlyCount "56"]

1. e4 d6 2. d4 Nf6 3. Nc3 g6 4. Nf3 Bg7 5. Be2 O-O 6. O-O c6 7. Re1 b5 8. Bf1
a5 9. a4 b4 10. Nb1 Na6 11. Nbd2 Qc7 12. Qe2 c5 13. e5 Ne8 14. exd6 Nxd6 15.
Qxe7 Qxe7 16. Rxe7 Bf5 17. c3 Bf6 18. Re1 bxc3 19. bxc3 cxd4 20. Nxd4 Bxd4 21.
cxd4 Nb4 22. Ba3 Rfd8 23. Bxb4 axb4 24. Re3 Bc2 25. Bd3 Rxa4 26. Rxa4 Bxa4 27.
Re1 Nb5 28. Bxb5 Bxb5 1/2-1/2

[Event "Superettan(Orgryte-Horndal)"]
[Site "?"]
[Date "2010.02.27"]
[Round "6"]
[White "Olsson, Krister"]
[Black "Frisk Kockum, Anton"]
[Result "1-0"]
[WhiteElo "2329"]
[BlackElo "2325"]
[PlyCount "75"]

1. d4 e6 2. Nf3 Nf6 3. Bg5 h6 4. Bh4 Be7 5. e3 b6 6. Bd3 Bb7 7. Nbd2 d5 8. Ne5
O-O 9. O-O Nbd7 10. f4 Ne4 11. Bxe7 Qxe7 12. c3 Nxe5 13. fxe5 f5 14. exf6 Nxf6
15. Nf3 Nd7 16. Qb3 a5 17. Rae1 a4 18. Qc2 a3 19. b4 c5 20. g3 Rf6 21. Nh4 Nf8
22. Rxf6 gxf6 23. bxc5 bxc5 24. Qf2 Ba6 25. Bxa6 Rxa6 26. Qf4 Qg7 27. dxc5 Qg5
28. Qb4 Qe5 29. Nf3 Qh5 30. Nd4 e5 31. Qb7 exd4 32. Qxa6 dxc3 33. Qxf6 c2 34.
Rf1 Qe8 35. Qf3 Ne6 36. Qxd5 Qg6 37. c6 Kh8 38. c7 1-0

[Event "Superettan(Orgryte-Horndal)"]
[Site "?"]
[Date "2010.02.27"]
[Round "6"]
[White "Hultin, Johan"]
[Black "Angskog, Kent"]
[Result "1-0"]
[WhiteElo "2351"]
[BlackElo "2202"]
[PlyCount "73"]

1. d4 e6 2. c4 Bb4+ 3. Nd2 f5 4. g3 Nf6 5. Bg2 O-O 6. Ngf3 d6 7. O-O Bxd2 8.
Bxd2 Qe7 9. Bb4 c5 10. dxc5 dxc5 11. Bc3 Ne4 12. Qc2 Nc6 13. Ne5 Nxc3 14. Bxc6
Nxe2+ 15. Qxe2 bxc6 16. Rad1 f4 17. Rd3 a5 18. a4 Ra6 19. Qd2 Qg5 20. Re1 h6
21. h4 Qf5 22. Rf3 g5 23. g4 Qf6 24. h5 Rd8 25. Rd3 Rd4 26. Rxd4 cxd4 27. Qxd4
c5 28. Qxc5 Qd8 29. Ng6 Kf7 30. Nh8+ Kg8 31. Ng6 Kf7 32. Ne5+ Kg7 33. Nc6 Qc7
34. Qd4+ Kh7 35. Qe4+ Kh8 36. Ne7 Bb7 37. Qg6 1-0

[Event "Superettan(Orgryte-Horndal)"]
[Site "?"]
[Date "2010.02.27"]
[Round "6"]
[White "Rorvall, Goran"]
[Black "Ziegler, Ari"]
[Result "0-1"]
[WhiteElo "2200"]
[BlackElo "2414"]
[PlyCount "102"]

1. e4 c5 2. Nf3 d6 3. Bb5+ Nd7 4. O-O Ngf6 5. Re1 a6 6. Bf1 b6 7. d4 cxd4 8.
Qxd4 Bb7 9. e5 dxe5 10. Nxe5 e6 11. Nxd7 Nxd7 12. Bf4 Qf6 13. Qxf6 Nxf6 14. Nc3
Rc8 15. a3 b5 16. Red1 Bc5 17. Bd6 Bxd6 18. Rxd6 Ke7 19. Rad1 Rxc3 20. bxc3 Nd5
21. R1xd5 exd5 22. Rb6 Rb8 23. a4 bxa4 24. f4 a3 25. Rb3 a2 26. Ra3 d4 27. Rxa2
dxc3 28. Ra3 Rc8 29. Bd3 Rc5 30. Kf2 a5 31. g3 f5 32. Ke3 Kd6 33. Kd4 g6 34.
Rxc3 Rxc3 35. Kxc3 Kc5 36. Kb3 Bc6 37. c3 Bb5 38. Bc2 Bd7 39. Bd3 Bc6 40. Be2
Bb5 41. Bd1 Bd3 42. Ka4 Kc4 43. Bb3+ Kxc3 44. Bg8 h6 45. h4 Kd4 46. Kxa5 Ke3
47. Kb4 Kf3 48. Kc3 Be4 49. Kd4 Kxg3 50. h5 gxh5 51. Ke3 h4 0-1

[Event "Superettan(Orgryte-Horndal)"]
[Site "?"]
[Date "2010.02.27"]
[Round "6"]
[White "Arnelind, Mikael"]
[Black "Bengts, Torleif"]
[Result "1-0"]
[WhiteElo "2219"]
[BlackElo "2174"]
[PlyCount "59"]

1. d4 Nf6 2. c4 c5 3. d5 e6 4. Nc3 exd5 5. cxd5 d6 6. e4 g6 7. f4 a6 8. Nf3 b5
9. e5 Nh5 10. Be2 Be7 11. O-O Ng7 12. a4 b4 13. Ne4 Bb7 14. exd6 Bxd6 15. b3
O-O 16. Bc4 Be7 17. Bb2 Nd7 18. Re1 Ne8 19. d6 Bf6 20. Nxf6+ Ndxf6 21. Re7 Bxf3
22. Qxf3 Rb8 23. Rd1 Rb6 24. Be5 a5 25. f5 Nd7 26. fxg6 Nxe5 27. gxf7+ Kh8 28.
Rxe5 Rxd6 29. Rde1 Rf6 30. fxe8=Q 1-0

[Event "Superettan(Orgryte-Horndal)"]
[Site "?"]
[Date "2010.02.27"]
[Round "6"]
[White "Eriksson, Magnus"]
[Black "Lauritzson, Peter"]
[Result "1/2-1/2"]
[WhiteElo "2122"]
[BlackElo "2148"]
[PlyCount "41"]

1. d4 Nf6 2. c4 g6 3. Nc3 d5 4. Nf3 Bg7 5. cxd5 Nxd5 6. Bg5 O-O 7. Qd2 Nc6 8.
e3 h6 9. Bh4 Bg4 10. Be2 Nxc3 11. bxc3 Na5 12. Rb1 c5 13. O-O Rc8 14. Rfc1 b6
15. h3 Bf5 16. Bd3 Bxd3 17. Qxd3 Qd7 18. Qe4 Rfe8 19. Ne5 Qb7 20. Qxb7 Nxb7 21.
Bg3 1/2-1/2

[Event "Superettan(Orgryte-Horndal)"]
[Site "?"]
[Date "2010.02.27"]
[Round "6"]
[White "Tibell, Ingemar"]
[Black "Becker, Johnny"]
[Result "1/2-1/2"]
[WhiteElo "2071"]
[BlackElo "2114"]
[PlyCount "64"]

1. e4 g6 2. d4 Nf6 3. Nc3 d5 4. exd5 Nxd5 5. Bc4 Nxc3 6. bxc3 Bg7 7. Nf3 O-O 8.
O-O c5 9. Bf4 Nc6 10. Rb1 cxd4 11. cxd4 b6 12. c3 Na5 13. Bd3 Bb7 14. Qe2 Rc8
15. Rbc1 e6 16. Rfd1 Qe7 17. Bg3 Bh6 18. Bh4 Bxf3 19. Bxe7 Bxe2 20. Bxf8 Bxc1
21. Bxe2 Kxf8 22. Rxc1 Nc4 23. Kf1 Ke7 24. Bxc4 Rxc4 25. Ke2 Kd6 26. Kd3 b5 27.
Rb1 a6 28. Rb4 Rxb4 29. cxb4 Kd5 30. f3 h5 31. h4 f6 32. f4 f5 1/2-1/2

[Event "Superettan(Orgryte-Horndal)"]
[Site "?"]
[Date "2010.02.27"]
[Round "6"]
[White "Seger, Goran"]
[Black "Eksmyr, Johan"]
[Result "0-1"]
[WhiteElo "2068"]
[BlackElo "2141"]
[PlyCount "48"]

1. e4 c6 2. d4 d5 3. Nc3 dxe4 4. Nxe4 Nf6 5. Nxf6+ gxf6 6. Nf3 Bg4 7. Be2 Qc7
8. O-O e6 9. c4 Nd7 10. Be3 O-O-O 11. Qa4 Kb8 12. d5 c5 13. h3 Bh5 14. Rfd1 Rg8
15. b4 Ne5 16. g4 Bxg4 17. hxg4 Nxg4 18. d6 Nxe3+ 19. Kh1 Bxd6 20. fxe3 cxb4
21. Rg1 Qc5 22. Rg2 Rxg2 23. Kxg2 Qxe3 24. Qc2 Rg8+ 0-1

[Event "Superettan(Orgryte-Horndal)"]
[Site "?"]
[Date "2010.02.27"]
[Round "6"]
[White "Nilsson, Eskil"]
[Black "Wiker, Bo"]
[Result "0-1"]
[WhiteElo "1992"]
[BlackElo "2047"]
[PlyCount "100"]

1. e4 d6 2. d4 Nf6 3. Bd3 g6 4. f4 Bg7 5. Nf3 O-O 6. O-O Na6 7. c3 c6 8. Qe2
Nc7 9. Na3 b5 10. Bd2 a5 11. Nc2 Bd7 12. h3 c5 13. e5 c4 14. Bxc4 bxc4 15. exf6
Bxf6 16. Ne3 d5 17. Rae1 Bg7 18. Ne5 e6 19. g4 f6 20. Nxd7 Qxd7 21. Rf3 Rae8
22. Ng2 Nb5 23. b3 Nd6 24. Bc1 cxb3 25. axb3 Ne4 26. c4 f5 27. Be3 Rb8 28. Qd3
dxc4 29. bxc4 a4 30. d5 Rb3 31. Qd1 Rd8 32. Bc1 Rxf3 33. Qxf3 exd5 34. cxd5
Qxd5 35. gxf5 gxf5 36. Ne3 Qa5 37. Rd1 Rxd1+ 38. Qxd1 h6 39. Kh2 Qb5 40. Qc2
Kh7 41. Qc4 Qxc4 42. Nxc4 Bf8 43. Bb2 Bb4 44. Kg2 Nc5 45. Kf3 Kg6 46. Ke3 Ne6
47. Kf3 Bc5 48. Ne5+ Kh5 49. Kg3 a3 50. Bc3 Bd4 0-1

[Event "Superettan(Orgryte-SodraSASS)"]
[Site "?"]
[Date "2010.03.12"]
[Round "7"]
[White "Furhoff, Johan"]
[Black "Hultin, Johan"]
[Result "1/2-1/2"]
[WhiteElo "2410"]
[BlackElo "2351"]
[PlyCount "23"]
[SourceDate "2010.03.19"]

1. e4 c5 2. Nc3 d6 3. f4 g6 4. Nf3 Bg7 5. Bb5+ Bd7 6. Bxd7+ Qxd7 7. O-O Nc6 8.
a3 Nf6 9. d3 O-O 10. h3 d5 11. e5 Ne8 12. d4 1/2-1/2

[Event "Superettan(Orgryte-SodraSASS)"]
[Site "?"]
[Date "2010.03.12"]
[Round "7"]
[White "Ziegler, Ari"]
[Black "Winge, Stefan"]
[Result "1-0"]
[WhiteElo "2414"]
[BlackElo "2317"]
[PlyCount "69"]

1. e4 c5 2. Nf3 e6 3. d4 cxd4 4. Nxd4 a6 5. Nc3 Ne7 6. g3 Nec6 7. Nde2 Be7 8.
Bg2 O-O 9. O-O d6 10. g4 b5 11. Ng3 Qc7 12. f4 Nd7 13. g5 b4 14. Nce2 f6 15. h4
fxg5 16. hxg5 Nb6 17. b3 a5 18. Be3 a4 19. Nd4 Ra5 20. f5 d5 21. Nh5 Nxd4 22.
Bxd4 e5 23. Be3 Bc5 24. Bxc5 Rxc5 25. Rf2 Kh8 26. Qd2 Rc3 27. Raf1 dxe4 28.
Bxe4 Ba6 29. g6 Qe7 30. f6 Rxf6 31. Rxf6 gxf6 32. g7+ Kg8 33. Bd5+ Nxd5 34.
Qxd5+ Qf7 35. Qd8+ 1-0

[Event "Superettan(Orgryte-SodraSASS)"]
[Site "?"]
[Date "2010.03.12"]
[Round "7"]
[White "Sjoberg, Mats"]
[Black "Arnelind, Mikael"]
[Result "1/2-1/2"]
[WhiteElo "2356"]
[BlackElo "2219"]
[PlyCount "66"]

1. d4 Nf6 2. Nf3 e6 3. c4 b6 4. Nc3 Bb7 5. e3 Bb4 6. Qb3 Be7 7. Bd3 O-O 8. e4
d5 9. cxd5 exd5 10. e5 Ne8 11. Qc2 g6 12. h4 Qd7 13. h5 Qg4 14. Rh2 Ng7 15. Bh6
Nxh5 16. O-O-O Rd8 17. Qd2 Ba6 18. Bc2 Nc6 19. Ne1 Qe6 20. Bg5 f6 21. exf6 Nxf6
22. Nf3 Qf7 23. Bxf6 Bxf6 24. Rdh1 Nb4 25. Rxh7 Qxh7 26. Rxh7 Kxh7 27. Ng5+
Bxg5 28. Qxg5 Nxc2 29. Nxd5 Bd3 30. Qe7+ Kh6 31. Qh4+ Kg7 32. Qe7+ Kh6 33. Qh4+
Kg7 1/2-1/2

[Event "Superettan(Orgryte-SodraSASS)"]
[Site "?"]
[Date "2010.03.12"]
[Round "7"]
[White "Frisk Kockum, Anton"]
[Black "Adler, Bo"]
[Result "1-0"]
[WhiteElo "2325"]
[BlackElo "2246"]
[PlyCount "107"]

1. d4 d5 2. Nf3 Nf6 3. c4 dxc4 4. e3 Bg4 5. Bxc4 e6 6. h3 Bh5 7. Nc3 a6 8. O-O
Nc6 9. Be2 Bd6 10. b3 O-O 11. Bb2 Qe7 12. d5 exd5 13. Nxd5 Nxd5 14. Qxd5 Bg6
15. Rfd1 Rad8 16. Qc4 Ne5 17. Nxe5 Bxe5 18. Bxe5 Qxe5 19. Bf3 Bd3 20. Qb4 b6
21. Rac1 Bb5 22. a4 c5 23. Qa3 Rxd1+ 24. Rxd1 Be8 25. a5 b5 26. Rd5 Qc3 27.
Qxc5 Qxa5 28. b4 Qa1+ 29. Rd1 Qf6 30. Kh2 Qe6 31. Rd6 Qa2 32. Rd8 Qe6 33. Bd5
Qf6 34. Qd6 Qxd6+ 35. Rxd6 g6 36. Rxa6 Kg7 37. Rb6 Bd7 38. Rd6 Bc8 39. Kg3 h6
40. h4 f5 41. Rb6 Rd8 42. Rxb5 Kf6 43. Rb6+ Ke5 44. Ba8 g5 45. f4+ gxf4+ 46.
exf4+ Kd4 47. Rxh6 Ke3 48. h5 Rd4 49. b5 Rxf4 50. Bf3 Rb4 51. b6 Rb1 52. Rc6
Rh1 53. Rxc8 f4+ 54. Kg4 1-0

[Event "Superettan(Orgryte-SodraSASS)"]
[Site "?"]
[Date "2010.03.12"]
[Round "7"]
[White "Johansson, Per"]
[Black "Virolainen, Victor"]
[Result "1/2-1/2"]
[WhiteElo "2060"]
[BlackElo "2197"]
[PlyCount "102"]

1. d4 e6 2. c4 f5 3. Nf3 Nf6 4. g3 d5 5. Bg2 c6 6. O-O Bd6 7. b3 Qe7 8. a4 a5
9. Ba3 Bxa3 10. Nxa3 O-O 11. Nc2 b6 12. Nce1 Bb7 13. Nd3 Na6 14. Qc1 Rac8 15.
Qa3 c5 16. e3 Nb4 17. Nxb4 axb4 18. Qc1 Qc7 19. Ne5 Ng4 20. Nxg4 fxg4 21. Rd1
Qf7 22. Ra2 dxc4 23. bxc4 Bxg2 24. Kxg2 cxd4 25. exd4 Qf3+ 26. Kg1 Rxc4 27.
Qxc4 Qxd1+ 28. Kg2 Qf3+ 29. Kg1 Qd1+ 30. Kg2 Qf3+ 31. Kg1 b3 32. Rb2 Qd1+ 33.
Kg2 Qf3+ 34. Kg1 Qe4 35. Qxb3 Qe1+ 36. Kg2 Qe4+ 37. Kg1 Rc8 38. Qe3 Qxe3 39.
fxe3 Rc6 40. Kf2 Kf7 41. Ke2 Rc4 42. Rxb6 Rxa4 43. Rb2 Ra3 44. Rd2 Ke7 45. e4
g5 46. Rb2 h5 47. Rd2 Kd6 48. Rb2 Ke7 49. Rd2 Ra4 50. Ke3 Ra1 51. d5 exd5
1/2-1/2

[Event "Superettan(Orgryte-SodraSASS)"]
[Site "?"]
[Date "2010.03.12"]
[Round "7"]
[White "Lauritzson, Peter"]
[Black "Nordenstrom, Sven"]
[Result "1-0"]
[WhiteElo "2148"]
[BlackElo "1961"]
[PlyCount "49"]

1. Nf3 d5 2. c4 d4 3. e3 c5 4. b4 dxe3 5. fxe3 e6 6. Bb2 Nf6 7. bxc5 Bxc5 8. d4
Bb4+ 9. Nbd2 Nc6 10. Bd3 Qe7 11. O-O Ba3 12. Rb1 Bxb2 13. Rxb2 b6 14. e4 e5 15.
c5 exd4 16. cxb6 O-O 17. e5 Nxe5 18. Nxe5 Qxe5 19. Nc4 Qd5 20. b7 Bxb7 21. Rf5
Qd7 22. Rxf6 gxf6 23. Rxb7 Qxb7 24. Qg4+ Kh8 25. Qf5 1-0

[Event "Superettan(Orgryte-SodraSASS)"]
[Site "?"]
[Date "2010.03.12"]
[Round "7"]
[White "Tibell, Ingemar"]
[Black "Franzen, Bo"]
[Result "1-0"]
[WhiteElo "2071"]
[BlackElo "1819"]
[PlyCount "33"]

1. e4 e5 2. Nf3 Nc6 3. d4 exd4 4. Nxd4 Qh4 5. Nc3 Bb4 6. Ndb5 Qxe4+ 7. Be2
Bxc3+ 8. bxc3 Kd8 9. O-O Nf6 10. Bg5 Qe5 11. Qd2 d6 12. Rad1 Be6 13. Rfe1 h6
14. Bf4 Qd5 15. Qe3 Qe4 16. Qg3 Nh5 17. Bxh5 1-0

[Event "Superettan(Manhem II-Rockaden,Sthlm II)"]
[Site "?"]
[Date "2010.03.12"]
[Round "7"]
[White "Bryntze, Stefan"]
[Black "Andersson, Goran"]
[Result "1/2-1/2"]
[WhiteElo "2251"]
[BlackElo "2186"]
[PlyCount "52"]

1. f4 Nf6 2. Nf3 g6 3. b3 Bg7 4. Bb2 O-O 5. e3 d6 6. Be2 e5 7. fxe5 Ng4 8. O-O
Nc6 9. Nc3 Ngxe5 10. Qe1 Bg4 11. Qg3 f5 12. Qf4 Bxf3 13. Bxf3 Nxf3+ 14. Qxf3
Qd7 15. Rae1 Rae8 16. Nd1 a6 17. Bxg7 Kxg7 18. Nc3 Nd8 19. Qg3 d5 20. Ne2 Kh8
21. Nf4 Qd6 22. Qh4 Nf7 23. Qh3 Ng5 24. Qh6 Nf7 25. Qh3 Ng5 26. Qh6 Nf7 1/2-1/2

[Event "Superettan(Manhem II-Rockaden,Sthlm II)"]
[Site "?"]
[Date "2010.03.12"]
[Round "7"]
[White "Larsson, Dan"]
[Black "Westerberg, Jonathan"]
[Result "0-1"]
[WhiteElo "2106"]
[BlackElo "2227"]
[PlyCount "64"]

1. e4 c5 2. Nf3 e6 3. d4 cxd4 4. Nxd4 Nc6 5. Nxc6 bxc6 6. Bd3 d5 7. exd5 cxd5
8. O-O Bd6 9. Qg4 Qf6 10. Bb5+ Kf8 11. Nc3 h6 12. Rd1 Ne7 13. Ne4 Qe5 14. Nxd6
Qxd6 15. Bd2 e5 16. Qa4 a6 17. Bb4 axb5 18. Qxa8 Qxb4 19. Rxd5 Kg8 20. Rxe5 Kh7
21. Rae1 Be6 22. Qf3 Ng6 23. Qd3 Bc4 24. Qe4 Qxb2 25. Rc5 Rd8 26. a4 Qb4 27.
Rc7 Qa5 28. Re7 bxa4 29. h4 Be6 30. g4 Rd4 31. Rxe6 fxe6 32. Qxe6 Nxh4 0-1

[Event "Superettan(Manhem II-Rockaden,Sthlm II)"]
[Site "?"]
[Date "2010.03.12"]
[Round "7"]
[White "Sandbom, Jonas"]
[Black "Lundstrom, Mattias"]
[Result "1/2-1/2"]
[WhiteElo "2212"]
[BlackElo "2134"]
[PlyCount "53"]

1. e4 c5 2. Nf3 d6 3. Bb5+ Bd7 4. Bxd7+ Qxd7 5. O-O Nc6 6. c3 d5 7. exd5 Qxd5
8. d4 e6 9. dxc5 Qxd1 10. Rxd1 Bxc5 11. b4 Bb6 12. b5 Nce7 13. Nbd2 Nf6 14. Ba3
Rc8 15. Rac1 Bc5 16. Bxc5 Rxc5 17. c4 O-O 18. Nb3 Rc7 19. Ne5 Rfc8 20. c5 g6
21. a4 Ne4 22. Nd3 Nd5 23. Rc4 Nef6 24. Ne5 Nd7 25. Nxd7 Rxd7 26. f3 Kf8 27.
Kf2 1/2-1/2

[Event "Superettan(Manhem II-Rockaden,Sthlm II)"]
[Site "?"]
[Date "2010.03.12"]
[Round "7"]
[White "Outgajjouft, Said"]
[Black "Matcins, Aleksejs"]
[Result "0-1"]
[WhiteElo "2100"]
[BlackElo "2203"]
[PlyCount "62"]

1. e4 c5 2. Nc3 Nc6 3. f4 g6 4. Nf3 Bg7 5. Bb5 Nd4 6. O-O a6 7. Bc4 b5 8. Bd5
Rb8 9. a3 e6 10. Ba2 Bb7 11. d3 Ne7 12. Kh1 f5 13. Re1 O-O 14. Nxd4 Bxd4 15.
Ne2 Bg7 16. e5 g5 17. fxg5 Ng6 18. Nf4 Qxg5 19. Qh5 Qxh5 20. Nxh5 Bxe5 21. Rxe5
Nxe5 22. Bh6 Ng6 23. Bxf8 Kxf8 24. Kg1 Ke7 25. Kf2 Rf8 26. Re1 f4 27. Rg1 Rf5
28. Ng7 Rg5 29. g4 Ne5 30. Nh5 Nxg4+ 31. Ke1 f3 0-1

[Event "Superettan(Manhem II-Rockaden,Sthlm II)"]
[Site "?"]
[Date "2010.03.12"]
[Round "7"]
[White "Backman, Michael"]
[Black "Bergre, Joachim"]
[Result "0-1"]
[WhiteElo "2121"]
[BlackElo "2105"]
[PlyCount "96"]

1. d4 g6 2. e4 Bg7 3. Nf3 d6 4. Bc4 a6 5. c3 e6 6. Bb3 Ne7 7. O-O h6 8. Re1 Nd7
9. Nbd2 b6 10. Nf1 Bb7 11. Ng3 Rc8 12. Qe2 O-O 13. h3 c5 14. Bf4 e5 15. dxe5
dxe5 16. Be3 Kh7 17. Rad1 Qc7 18. Rd2 Nf6 19. Red1 c4 20. Bc2 b5 21. Rd6 Nc6
22. Bxh6 Bxh6 23. Rxf6 Rcd8 24. Rxd8 Qxd8 25. Rxc6 Bxc6 26. Nxe5 Bb7 27. Ng4
Bg5 28. Nf1 Bc8 29. g3 Bc1 30. e5 Bxg4 31. Qxg4 Qg5 32. Qe4 Kg7 33. h4 Qe7 34.
Nh2 Rh8 35. Ng4 Bxb2 36. f4 Rd8 37. f5 Qc5+ 38. Kf1 Qd5 39. Qf4 Qh1+ 40. Kf2
Bc1 41. f6+ Kf8 42. e6 fxe6 43. Qd4 Rxd4 44. cxd4 Bd2 45. Bxg6 Qd5 46. h5 Qxd4+
47. Kf3 Bg5 48. f7 Qd1+ 0-1